Príjemný návrat do Atén Marcela Erbanová, Erik Vlček a Marián Ostrčil na vrchole slovenskej rýchlostnej kanoistiky

Bibliographic Details
Main Author: (eje) (Author)
Format: Article
Language:Slovak
PhysicalDescription:Fotogr.
ISSN:0139-7001
Subjects:

MARC

LEADER 00000nab a2200000 a 4500
001 vtls001019090
003 SK-MaSNL
005 20260426073136.0
008 041220c20041116xo dr|p|||||||000 b|slo
015 |a SNBRB2004/12  |2 snkbucl 
038 |a SNKBUCL 
040 |a SNKBUCL  |b slo  |c SNKBUCL  |e AACR2 
041 0 |a slo 
044 |a xo  |c SK 
080 |a 797.122.3.071  |x (437.6)  |2 UDC-MRF-SK2 
100 0 |a (eje)  |4 aut  |9 838483 
245 1 0 |a Príjemný návrat do Atén  |b Marcela Erbanová, Erik Vlček a Marián Ostrčil na vrchole slovenskej rýchlostnej kanoistiky  |c [autor] (eje) 
300 |b Fotogr. 
648 7 |a 2004  |2 snkbucl  |9 303492 
650 0 7 |a kanoistika  |2 snkbucl  |9 3240 
650 0 7 |a najúspešnejší športovci  |2 snkbucl  |9 1003399 
651 7 |a Slovensko  |2 snkbucl  |9 14231 
773 0 |t Šport  |g Roč. 58, č. 285 (10.12.2004), s. 3  |x 0139-7001 
852 |a SNK  |b KIS3GCP 
999 |c 2699021  |d 2700951